接接在日本 . 3

資料類型: Book 圖書   書目號:45203

Leader xxxxxxxxxx
001 __ PCLIS00045203
005 __ 20220912134115.0
010 0_ |a978-986-272-235-0|b平裝|dNT$290
100 __ |a20121126d2012    m  y0chiy09      e
101 0_ |achi
102 __ |atw
105 __ |aa   t   000cy
200 1_ |a接接在日本|h3|f接接(Jae Jae)圖.文
205 __ |a初版
210 __ |a臺北市|c商周出版|c家庭傳媒城邦分公司發行|d2012[民101]
215 0_ |a235面|c彩圖|d22公分
225 1_ |aColorful|v29
300 __ |a書背及封面副題名: 台灣、日本我的家
300 __ |a本館最新館藏為2016年17刷
300 __ |a作者號由t038補0(1020391), 由t561刪除
517 1_ |a台灣、日本我的家|zchi
517 1_ |a台灣.日本我的家|zchi
681 __ |a855|b844
681 __ |a855|b844 v.3
681 __ |a855|b8440 2012
700 _0 |a接接|c(Jae Jae)|4圖.文
801 _0 |atw|b內湖高中|c20121126|gCCR
  
  
  
詳細館藏 1-2 筆 (共 2 筆)
索 書 號登 錄 號冊次號館別 / 館藏地流通類型狀態加入預約清單電子資源
855 / 844 1020391  圖書館 / 一樓普通區 可外借30天 在館   
855 / 844 1024100  圖書館 / 一樓普通區 可外借30天 在館   

| 條列資料




目錄查詢 分類查詢 個人資料 圖書薦購 新書查詢 閉館日 排行榜 更多電子資源 Hami書城 線上資料庫 登出

From : 216.73.216.116

  本日流通累計至 16:54:05 借閱 : 6 次 續借 : 0 次 歸還 : 8 次 預約 : 0 次 電子資源 : 0 次


內湖高中圖書館  PCLIS 版本  25.5.0.2